MARC details
| 000 -CABECERA |
| campo de control de longitud fija |
02109nam a2200313 a 4500 |
| 001 - NÚMERO DE CONTROL |
| campo de control |
000009311 |
| 003 - IDENTIFICADOR DEL NÚMERO DE CONTROL |
| campo de control |
DO-SdBNP |
| 005 - FECHA Y HORA DE LA ÚLTIMA TRANSACCIÓN |
| campo de control |
20230420113130.0 |
| 007 - CAMPO FIJO DE DESCRIPCIÓN FÍSICA--INFORMACIÓN GENERAL |
| campo de control de longitud fija |
ta |
| 008 - DATOS DE LONGITUD FIJA--INFORMACIÓN GENERAL |
| campo de control de longitud fija |
090929s2002 dr 000 0 spa d |
| 040 ## - FUENTE DE LA CATALOGACIÓN |
| Centro catalogador/agencia de origen |
DO-SdBNP |
| Lengua de catalogación |
spa |
| Centro/agencia transcriptor |
BNPHU |
| Normas de descripción |
rda |
| 082 #4 - NÚMERO DE LA CLASIFICACIÓN DECIMAL DEWEY |
| Número de clasificación |
344.02 |
| Número de documento/Ítem |
R426L |
| Número de edición |
22 |
| 110 1# - ENTRADA PRINCIPAL--NOMBRE DE ENTIDAD CORPORATIVA |
| Nombre de entidad corporativa o nombre de jurisdicción como elemento de entrada |
República Dominicana.[Leyes, etc.] |
| 9 (RLIN) |
447 |
| 240 10 - TÍTULO UNIFORME |
| Título uniforme |
[Leyes, etc.] |
| 245 10 - MENCIÓN DE TÍTULO |
| Título |
Ley no. 87-01 sobre el sistema dominicano de seguridad social |
| 264 ## - PRODUCCIÓN, PUBLICACIÓN, DISTRIBUCIÓN, FABRICACIÓN Y COPYRIGHT |
| Producción, publicación, distribución, fabricación y copyright |
Santo Domingo : |
| Nombre del de productor, editor, distribuidor, fabricante |
AFP Reservas, |
| Fecha de producción, publicación, distribución, fabricación o copyright |
2002. |
| 300 ## - DESCRIPCIÓN FÍSICA |
| Extensión |
177 paginas. ; |
| Dimensiones |
22 cm. |
| 336 ## - TIPO DE CONTENIDO |
| Fuente |
rdacontent. |
| Término de tipo de contenido |
texto |
| Código de tipo de contenido |
txt |
| 337 ## - TIPO DE MEDIO |
| Fuente |
rdamedia |
| Nombre/término del tipo de medio |
sin mediación |
| Código del tipo de medio |
n |
| 338 ## - TIPO DE SOPORTE |
| Fuente |
rdacarrier |
| Nombre/término del tipo de soporte |
volumen |
| Código del tipo de soporte |
nc |
| 500 ## - NOTA GENERAL |
| Nota general |
Incluye referencias bibliográficas y notas al pie de las páginas |
| 505 ## - NOTA DE CONTENIDO CON FORMATO |
| Nota de contenido con formato |
Principios generales 6|Beneficiarios, prestaciones y afiliación 13|Financiamiento, cotización y subsidios 20|Dirección, regulación y administración 26|Recaudo, provisión y supervisión 39|Período de transición 43/Seguro de vejez, discapacidad y sobrevivencia |Finalidad del seguro 45|Pensiones del régimen contributivo 46|Pensiones del régimen subsidiado 68|Pensiones del régimen contributivo subsidiado 73|Servicios sociales para envejecientes 76|Administradoras de fondos de pensiones 77|Inversión de los fondos de pensiones 89|Superintendencia de pensiones 98|Infracciones y sanciones 105|Seguro familiar|Finalidad, derechos y protección 109|Beneficiarios y prestaciones 112|Estancias infantiles 119|Costo y financiamiento 123|Administradora de riesgos y seguro nacional de salud 128|Prestadoras de servicios de salud 141/Transformación y desarrollo del IDSS y SESPAS 144|Sistema de contratación y pago 148|Superintendencia de salud y riesgos laborales 152|Infracciones y sanciones 159|Seguro de riesgos laborales|Finalidad y políticas 164|Beneficiarios y prestaciones 165|Financiamiento, costo y salario cotizable 172 |
| 590 ## - NOTA LOCAL (RLIN) |
| Nota local |
Inventariado,2023/DG |
| 650 #4 - PUNTO DE ACCESO ADICIONAL DE MATERIA--TÉRMINO DE MATERIA |
| Término de materia o nombre geográfico como elemento de entrada |
Ley no. 87*01 |
| 9 (RLIN) |
14351 |
| 650 #4 - PUNTO DE ACCESO ADICIONAL DE MATERIA--TÉRMINO DE MATERIA |
| Término de materia o nombre geográfico como elemento de entrada |
Seguridad social |
| Subdivisión general |
Legislación |
| Subdivisión geográfica |
República Dominicana |
| 9 (RLIN) |
14351 |
| 700 ## - PUNTO DE ACCESO ADICIONAL--NOMBRE DE PERSONA |
| 9 (RLIN) |
24039 |
| 910 ## - DATOS DE OPCIÓN DEL USUARIO (OCLC) |
| Datos de opción del usuario |
DG |
| 942 ## - ELEMENTOS DE PUNTO DE ACCESO ADICIONAL (KOHA) |
| Fuente del sistema de clasificación o colocación |
Dewey Decimal Classification |
| Tipo de ítem Koha |
Libro |